000 00518nam a2200181Ia 4500
001 18525
005 20260306171637.0
008 260306s9999||||xx |||||||||||||| ||und||
041 _aESP
082 _a658.4063
_bB79
100 _aBoza Olivari, Jorge Luis
_eAUT
245 0 _aMirando los negocios al revés:
_bcómo crear innovadoras ideas de negocio con la estrategia del cazador de cebras
260 _c2017
300 _a391 páginas :
_c24 cm.
650 _aGEN
654 _aCAN
942 _cLIB
_dJUS
_fJUS
_2ddc
_n
999 _c18525
_d18525